000 00463nam a2200145Ia 4500
008 210716s2008 xx 000 0 und d
041 _aeng
082 _a374.22 HELR
100 _aHeller, Robert;Johnson, Roy;Eaton, John;Holden, Robert;Renshaw, Ben
245 _aEssential life and work skills: the winners manual.
_bWinners manual.
250 _a1
260 _aLondon
_bDorling Kindersley Pvt Ltd.
_c2008
300 _a72,72,72
650 _aGeneral Management
999 _c204227
_d204227